Guess Inter Milan 2009/10 squad by image - Statistics

General Stats
  • This quiz has been taken 82 times
  • The average score is 17 of 22
Answer Stats
Picture Answer % Correct
José Mourinho
100%
Javier Zanetti
95%
Wesley Sneijder
91%
Mario Balotelli
88%
Samuel Eto'o
88%
Julio Cesar
86%
Patrick Vieira
86%
Diego Milito
84%
Lucio
84%
Goran Pandev
81%
Marco Materazzi
81%
Walter Samuel
81%
Esteban Cambiasso
79%
Ivan Cordoba
76%
Maicon
76%
Dejan Stankovic
74%
Thiago Motta
67%
Ricardo Quaresma
66%
Cristian Chivu
60%
Sulley Muntari
57%
Davide Santon
33%
McDonald Mariga
24%
No matching quizzes found
Score Distribution
Percent of People with Each Score
Percentile by Number Answered
Your Score History
You have not taken this quiz